[Event "Stay Safe Play From Home 144"]
[Site "T#645981Emanuel Laske"]
[Date "2020.05.12"]
[Round "8"]
[White "Kongle"]
[Black "Lucknow"]
[Result "0-1"]
[WhiteElo "1846"]
[BlackElo "1838"]
[Annotator "NA RC"]
[PlyCount "126"]
[EventDate "2020.05.12"]
[EventType "swiss (blitz)"]

1. e4 {[%emt 0:00:03]} c5 {[%emt 0:00:01]} 2. Nf3 {[%emt 0:00:01]} d6 {[%emt 0:00:01]} 3. d4 {[%emt 0:00:01]} cxd4 {[%emt 0:00:01]} 4. Nxd4 {[%emt 0:00:01]} Nf6 {[%emt 0:00:01]} 5. Nc3 {[%emt 0:00:00]} g6 {[%emt 0:00:00]} 6. Bc4 {[%emt 0:00:01]} Bg7 {[%emt 0:00:01]} 7. f4 {[%emt 0:00:00]} O-O {[%emt 0:00:04]} 8. O-O {[%emt 0:00:01]} Nc6 {[%emt 0:00:01]} 9. Be3 {[%emt 0:00:02]} Nxd4 {[%emt 0:00:08]} 10. Bxd4 {[%emt 0:00:01]} Bd7 {[%emt 0:00:00]} 11. h3 {[%emt 0:00:02]} Bc6 {[%emt 0:00:01]} 12. Qe2 {[%emt 0:00:02]} a6 {[%emt 0:00:05]} 13. a3 {[%emt 0:00:01]} b5 {[%emt 0:00:02]} 14. Ba2 {[%emt 0:00:01]} Nd7 {[%emt 0:00:01]} 15. Bxg7 {[%emt 0:00:03]} Kxg7 {[%emt 0:00:01]} 16. e5 {[%emt 0:00:04]} Nc5 {[%emt 0:00:34]} 17. Rad1 {[%emt 0:00:08]} Qb6 {[%emt 0:00:06]} 18. Kh2 {[%emt 0:00:03]} dxe5 {[%emt 0:00:06]} 19. Qxe5+ {[%emt 0:00:07]} Kg8 {[%emt 0:00:08]} 20. Qxe7 {[%emt 0:00:01]} Rae8 {[%emt 0:00:07]} 21. Qf6 {[%emt 0:00:04]} Ne4 {[%emt 0:00:06]} 22. Nxe4 {[%emt 0:00:02]} Rxe4 {[%emt 0:00:05]} 23. f5 {[%emt 0:00:06]} Qc7+ {[%emt 0:00:08]} 24. Rd6 {[%emt 0:00:05]} Re2 {[%emt 0:00:14]} 25. Rg1 {[%emt 0:00:08]} Rd2 {[%emt 0:00:03]} 26. fxg6 {[%emt 0:00:24]} Qxd6+ {[%emt 0:00:01]} 27. Qxd6 {[%emt 0:00:02]} Rxd6 {[%emt 0:00:00]} 28. gxf7+ {[%emt 0:00:05]} Rxf7 {[%emt 0:00:01]} 29. Rf1 {[%emt 0:00:03]} Bd5 {[%emt 0:00:01]} 30. Bxd5 {[%emt 0:00:11]} Rxd5 {[%emt 0:00:02]} 31. Re1 {[%emt 0:00:01]} Kg7 {[%emt 0:00:02]} 32. Re6 {[%emt 0:00:02]} Rf6 {[%emt 0:00:01]} 33. Re7+ {[%emt 0:00:01]} Kg6 {[%emt 0:00:01]} 34. g4 {[%emt 0:00:03]} Rd2+ {[%emt 0:00:01]} 35. Kg3 {[%emt 0:00:01]} Rxc2 {[%emt 0:00:00]} 36. h4 {[%emt 0:00:03]} Rd6 {[%emt 0:00:05]} 37. h5+ {[%emt 0:00:03]} Kh6 {[%emt 0:00:05]} 38. Kf4 {[%emt 0:00:02]} Rc4+ {[%emt 0:00:03]} 39. Ke5 {[%emt 0:00:01]} Rdc6 {[%emt 0:00:03]} 40. b3 {[%emt 0:00:06]} R4c5+ {[%emt 0:00:02]} 41. Kd4 {[%emt 0:00:01]} Rg5 {[%emt 0:00:03]} 42. Re4 {[%emt 0:00:08]} Rc1 {[%emt 0:00:02]} 43. Kd3 {[%emt 0:00:02]} Rd1+ {[%emt 0:00:03]} 44. Kc2 {[%emt 0:00:02]} Rd6 {[%emt 0:00:01]} 45. Kc3 {[%emt 0:00:04]} Rg7 {[%emt 0:00:01]} 46. Kb4 {[%emt 0:00:02]} Kg5 {[%emt 0:00:01]} 47. Kc5 {[%emt 0:00:01]} Rf6 {[%emt 0:00:01]} 48. Re5+ {[%emt 0:00:02]} Kh4 {[%emt 0:00:01]} 49. Kb4 {[%emt 0:00:01]} Rxg4+ {[%emt 0:00:01]} 50. Ka5 {[%emt 0:00:03]} Rg5 {[%emt 0:00:00]} 51. Re4+ {[%emt 0:00:02]} Kxh5 {[%emt 0:00:01]} 52. b4 {[%emt 0:00:02]} Rgg6 {[%emt 0:00:01]} 53. Re7 {[%emt 0:00:01]} h6 {[%emt 0:00:02]} 54. Ra7 {[%emt 0:00:03]} Kg5 {[%emt 0:00:00]} 55. a4 {[%emt 0:00:02]} bxa4 {[%emt 0:00:01]} 56. Kxa4 {[%emt 0:00:00]} Rf5 {[%emt 0:00:01]} 57. Kb3 {[%emt 0:00:02]} h5 {[%emt 0:00:00]} 58. Kc4 {[%emt 0:00:01]} h4 {[%emt 0:00:00]} 59. Kb3 {[%emt 0:00:00]} Rf4 {[%emt 0:00:01]} 60. Ka4 {[%emt 0:00:00]} h3 {[%emt 0:00:00]} 61. Ka5 {[%emt 0:00:00]} Rg4 {[%emt 0:00:00]} 62. Rxa6 {[%emt 0:00:01]} Kh4 {[%emt 0:00:00]} 63. Rxg6 {[%emt 0:00:01]} Kg3 {[%emt 0:00:01] Time (Lag: Av=0.51s, max=1.3s)} 0-1

[Event "Stay Safe Play From Home 144"]
[Site "T#645981Emanuel Laske"]
[Date "2020.05.12"]
[Round "8"]
[White "matanant"]
[Black "Edmatuag"]
[Result "1-0"]
[WhiteElo "1684"]
[BlackElo "1724"]
[Annotator "NA RC"]
[PlyCount "63"]
[EventDate "2020.05.12"]
[EventType "swiss (blitz)"]

1. b3 {[%emt 0:00:03]} d5 {[%emt 0:00:03]} 2. Bb2 {[%emt 0:00:00]} c5 {[%emt 0:00:02]} 3. e3 {[%emt 0:00:01]} Nc6 {[%emt 0:00:01]} 4. f4 {[%emt 0:00:05]} f6 {[%emt 0:00:02]} 5. Nf3 {[%emt 0:00:01]} Bg4 {[%emt 0:00:01]} 6. Bb5 {[%emt 0:00:02]} Qb6 {[%emt 0:00:03]} 7. Qe2 {[%emt 0:00:03]} e6 {[%emt 0:00:03]} 8. O-O {[%emt 0:00:02]} Bd6 {[%emt 0:00:02]} 9. h3 {[%emt 0:00:06]} Bh5 {[%emt 0:00:02]} 10. g4 {[%emt 0:00:02]} Bg6 {[%emt 0:00:05]} 11. Bxc6+ {[%emt 0:00:02]} bxc6 {[%emt 0:00:03]} 12. d3 {[%emt 0:00:00]} h5 {[%emt 0:00:08]} 13. g5 {[%emt 0:00:02]} Bf5 {[%emt 0:00:03]} 14. Kg2 {[%emt 0:00:05]} O-O-O {[%emt 0:00:04]} 15. c4 {[%emt 0:00:03]} dxc4 {[%emt 0:00:13]} 16. dxc4 {[%emt 0:00:02]} Bb8 {[%emt 0:00:06]} 17. Rd1 {[%emt 0:00:05]} Ne7 {[%emt 0:00:12]} 18. Nc3 {[%emt 0:00:02]} fxg5 {[%emt 0:00:12]} 19. Nxg5 {[%emt 0:00:05]} Qc7 {[%emt 0:00:09]} 20. Nf7 {[%emt 0:00:05]} Rxd1 {[%emt 0:00:01]} 21. Rxd1 {[%emt 0:00:02]} Rf8 {[%emt 0:00:01]} 22. Ne5 {[%emt 0:00:02]} Ng6 {[%emt 0:00:02]} 23. Na4 {[%emt 0:00:04]} Nh4+ {[%emt 0:00:06]} 24. Kf2 {[%emt 0:00:04]} Bxh3 {[%emt 0:00:07]} 25. Qxh5 {[%emt 0:00:02]} Qe7 {[%emt 0:00:06]} 26. Nxc6 {[%emt 0:00:12]} Qd6 {[%emt 0:00:07]} 27. Rxd6 {[%emt 0:00:05]} Bxd6 {[%emt 0:00:01]} 28. Qxh4 {[%emt 0:00:01]} Bf5 {[%emt 0:00:01]} 29. Be5 {[%emt 0:00:05]} Kc7 {[%emt 0:00:04]} 30. Bxd6+ {[%emt 0:00:02]} Kxd6 {[%emt 0:00:01]} 31. Ne5 {[%emt 0:00:01]} Rf6 {[%emt 0:00:04]} 32. Qh8 {[%emt 0:00:04] Edmatuag resigns (Lag: Av=0.80s, max=1.8s)} 1-0

[Event "Stay Safe Play From Home 144"]
[Site "T#645981Emanuel Laske"]
[Date "2020.05.12"]
[Round "8"]
[White "Gibiz144"]
[Black "Timbre"]
[Result "0-1"]
[WhiteElo "1611"]
[BlackElo "1623"]
[Annotator "NA RC"]
[PlyCount "106"]
[EventDate "2020.05.12"]
[EventType "swiss (blitz)"]

1. d4 {[%emt 0:00:01]} d5 {[%emt 0:00:05]} 2. Bg5 {[%emt 0:00:02]} c6 {[%emt 0:00:01]} 3. Nf3 {[%emt 0:00:01]} Nf6 {[%emt 0:00:01]} 4. Bxf6 {[%emt 0:00:01]} exf6 {[%emt 0:00:02]} 5. e3 {[%emt 0:00:01]} Be6 {[%emt 0:00:02]} 6. Bd3 {[%emt 0:00:01]} Bd6 {[%emt 0:00:01]} 7. c3 {[%emt 0:00:01]} Nd7 {[%emt 0:00:01]} 8. Qc2 {[%emt 0:00:01]} Nf8 {[%emt 0:00:02]} 9. Nbd2 {[%emt 0:00:04]} Ng6 {[%emt 0:00:01]} 10. h4 {[%emt 0:00:03]} Ne7 {[%emt 0:00:02]} 11. h5 {[%emt 0:00:01]} Qd7 {[%emt 0:00:02]} 12. Nh4 {[%emt 0:00:02]} h6 {[%emt 0:00:05]} 13. e4 {[%emt 0:00:02]} dxe4 {[%emt 0:00:03]} 14. Nxe4 {[%emt 0:00:01]} Bc7 {[%emt 0:00:02]} 15. Nc5 {[%emt 0:00:02]} Qd6 {[%emt 0:00:03]} 16. Nf5 {[%emt 0:00:09]} Bxf5 {[%emt 0:00:04]} 17. Bxf5 {[%emt 0:00:01]} Rb8 {[%emt 0:00:03]} 18. O-O-O {[%emt 0:00:05]} O-O {[%emt 0:00:03]} 19. Bd3 {[%emt 0:00:05]} Nd5 {[%emt 0:00:02]} 20. Rde1 {[%emt 0:00:02]} Nf4 {[%emt 0:00:08]} 21. Be4 {[%emt 0:00:04]} Nd5 {[%emt 0:00:02]} 22. g4 {[%emt 0:00:04]} Rbe8 {[%emt 0:00:04]} 23. Bf5 {[%emt 0:00:04]} Rxe1+ {[%emt 0:00:03]} 24. Rxe1 {[%emt 0:00:03]} Rb8 {[%emt 0:00:05]} 25. Qe4 {[%emt 0:00:16]} Qf4+ {[%emt 0:00:05]} 26. Qxf4 {[%emt 0:00:07]} Nxf4 {[%emt 0:00:01]} 27. Re4 {[%emt 0:00:10]} Nd5 {[%emt 0:00:04]} 28. Nd7 {[%emt 0:00:17]} Rd8 {[%emt 0:00:04]} 29. c4 {[%emt 0:00:05]} Nb6 {[%emt 0:00:05]} 30. Nxb6 {[%emt 0:00:04]} Bxb6 {[%emt 0:00:02]} 31. c5 {[%emt 0:00:01]} Bc7 {[%emt 0:00:02]} 32. Re7 {[%emt 0:00:01]} Bf4+ {[%emt 0:00:04]} 33. Kc2 {[%emt 0:00:02]} Rb8 {[%emt 0:00:02]} 34. Kd3 {[%emt 0:00:03]} b6 {[%emt 0:00:02]} 35. cxb6 {[%emt 0:00:05]} axb6 {[%emt 0:00:02]} 36. Rc7 {[%emt 0:00:03]} c5 {[%emt 0:00:03]} 37. b3 {[%emt 0:00:10]} cxd4 {[%emt 0:00:02]} 38. Kxd4 {[%emt 0:00:01]} Bxc7 {[%emt 0:00:03]} 39. Kd5 {[%emt 0:00:04]} Be5 {[%emt 0:00:01]} 40. a4 {[%emt 0:00:03]} Rd8+ {[%emt 0:00:03]} 41. Kc6 {[%emt 0:00:01]} Bd4 {[%emt 0:00:04]} 42. f4 {[%emt 0:00:01]} Be3 {[%emt 0:00:02]} 43. b4 {[%emt 0:00:05]} Bxf4 {[%emt 0:00:02]} 44. Kxb6 {[%emt 0:00:02]} Be5 {[%emt 0:00:03]} 45. b5 {[%emt 0:00:03]} Kf8 {[%emt 0:00:01]} 46. a5 {[%emt 0:00:02]} Rb8+ {[%emt 0:00:01]} 47. Kc6 {[%emt 0:00:03]} Ke7 {[%emt 0:00:01]} 48. b6 {[%emt 0:00:02]} Bc3 {[%emt 0:00:02]} 49. b7 {[%emt 0:00:01]} Bxa5 {[%emt 0:00:02]} 50. Bc8 {[%emt 0:00:01]} Kd8 {[%emt 0:00:04]} 51. Kd6 {[%emt 0:00:02]} Bc7+ {[%emt 0:00:03]} 52. Kc6 {[%emt 0:00:02]} Rxc8 {[%emt 0:00:01]} 53. bxc8=Q+ {[%emt 0:00:01]} Kxc8 {[%emt 0:00:01]} 0-1

[Event "Stay Safe Play From Home 144"]
[Site "T#645981Emanuel Laske"]
[Date "2020.05.12"]
[Round "9"]
[White "Lazieri3"]
[Black "rohit2007"]
[Result "1/2-1/2"]
[WhiteElo "2047"]
[BlackElo "2055"]
[Annotator "TA"]
[PlyCount "148"]
[EventDate "2020.05.12"]
[EventType "swiss (blitz)"]

{[%evp 9,147,-32,35,33,87,58,75,55,79,21,97,0,3,-8,-10,-31,-13,-33,-16,-16,-22,-44,-41,-44,-44,-44,-43,-45,-45,-46,-2,-5,-8,-4,0,0,4,-33,-39,-45,-44,-77,-80,-110,-89,-89,-89,-82,-82,-83,-80,-108,-80,-80,-73,-73,-66,-81,-59,-101,-81,-154,-56,-66,0,-100,-49,-139,-131,-131,-117,-141,-106,-122,-106,-189,-216,-260,-137,-137,-81,-101,-101,-107,-101,-124,-65,-65,-58,-72,-58,-256,-250,-320,-295,-465,-443,-467,-480,-455,-292,-282,-52,-134,0,-404,-395,-432,-11,-393,-282,-600,-583,-662,-100,-29990,-29991,-29990,-29987,-29988,-29989,-29989,-29988,-29988,-29989,-29990,-29991,-29991,-29992,-29992,-29993,-29993,-29994,-29996,-29995,-29998,-29995,-29997,-29998,-29999]} 1. e4 c5 2. Nc3 e6 3. d3 d5 4. Nf3 Ne7 {[#]} 5. g3 $146 ({Predecessor:} 5. Be2 Ng6 6. O-O Nc6 7. d4 Qb6 8. Bb5 Bd7 9. Be3 a6 10. Bxc6 Bxc6 11. dxc5 Bxc5 12. exd5 exd5 13. Nxd5 Bxd5 14. Qxd5 Bxe3 {½-½ (41) Strege,T (1090)-Brinkmann,J (1191) Nuremberg 2019}) 5... dxe4 (5... d4 $15 6. Nb1 Nbc6) 6. Nxe4 $14 {B23: Closed Sicilian: Lines without g3.} Ng6 (6... Nd5 $14) 7. Bg2 Be7 8. O-O {White is better.} O-O 9. Be3 (9. h4 $16) 9... b6 (9... Qc7 $11 {keeps the balance.}) 10. Bg5 ({Better is} 10. Nxc5 $16 {Nd2 is the strong threat.} Bxc5 11. Nd2) 10... Bb7 11. Bxe7 (11. h4 {is interesting.} f6 12. Bd2 Nh8 13. a4 Nf7 14. a5) 11... Qxe7 12. Qe2 Nc6 13. c3 Rfd8 14. Rad1 Rd7 15. d4 cxd4 16. Nxd4 Nxd4 17. Rxd4 Rxd4 18. cxd4 Rd8 19. Rd1 h6 20. Nc3 Bxg2 21. Kxg2 Rd7 22. Qe4 Qd8 23. h4 Ne7 24. Kh2 Nd5 25. Nxd5 Rxd5 $15 {[%mdl 4096] Endgame KQR-KQR} 26. a3 Qd7 27. f4 Qc6 28. Rd2 g6 29. Qe3 Kg7 30. Qc3 Qb5 31. Kg2 h5 32. Kh2 Qf1 33. Qe3 b5 34. Qg1 Qf3 35. Kh3 {[#]} (35. Qd1 $142 Qe3 36. Kg2) 35... Qg4+ (35... Rf5 $1 $17 36. Rf2 Qe3) 36. Kh2 Qf3 (36... Qf5 $15) 37. Qe1 (37. Kh3 $1 $11 {was the only way to keep the balance.}) 37... a5 (37... Qb3 $17) 38. Qg1 (38. Rf2 $15 Qd3 39. Qxa5) 38... a4 $17 39. Qe1 Kh7 40. Qg1 Qe4 41. Qf2 Kg7 42. Qg2 (42. Qf1 $17) 42... Qe3 $19 43. Qf2 Qb3 ({Black should play} 43... Qxf2+ $19 44. Rxf2 Rxd4) 44. Kg2 Rd6 (44... b4 $142 45. axb4 Qxb4) 45. Qf3 {With the idea Qxb3.} Qc4 46. Qc3 Qd5+ 47. Qf3 Kf6 ({Black should try} 47... Rc6 $17 48. Qxd5 exd5) 48. Qxd5 $15 Rxd5 {KR-KR} 49. Kf3 Kf5 50. Ke3 $2 {[#]} (50. Rd3 $15) 50... Kg4 $1 $19 51. Kf2 Rd6 52. Rd3 (52. Kg2 $142) 52... Rc6 53. Rd2 Rc4 54. Kg2 f6 55. Kf2 Kf5 $2 (55... b4 $19 {aiming for ...b3.} 56. Re2 Kf5) 56. Kf3 (56. Ke3 $1 $15) 56... Rc1 (56... b4 $17 {And now ...bxa3 would win.} 57. Rd3 Rc2 58. axb4 Rxb2) 57. Rf2 $2 {[%mdl 8192] White is on the road to losing.} (57. d5 $1 $11) 57... Rd1 58. Ke3 Re1+ $2 (58... Kg4 $19 59. d5 exd5) 59. Kd3 $2 {[%mdl 8192]} (59. Kf3 $1 $11) 59... Rg1 60. Re2 $2 (60. Kc3 Rxg3+ 61. Kb4) 60... Rxg3+ 61. Kd2 Kxf4 $2 (61... Rh3 $19 {and Black stays clearly on top.} 62. Rf2 Rxh4) 62. Re3 $2 {[%mdl 8192]} (62. Rxe6 $17 Kf5 63. d5) 62... Rxe3 {KR-KP. Black mates.} 63. d5 Re4 64. dxe6 Rxe6 {KR-K3P} 65. Kc3 Kg4 66. Kb4 Kxh4 67. Kxb5 {KR-KPP} Kg4 68. Kxa4 h4 69. b4 h3 70. b5 h2 71. b6 h1=Q 72. b7 Qd1+ 73. Ka5 Qb1 74. a4 Qxb7 {Accuracy: White = 48%, Black = 56%.} 1/2-1/2

[Event "Stay Safe Play From Home 144"]
[Site "T#645981Emanuel Laske"]
[Date "2020.05.12"]
[Round "9"]
[White "Chessencounter"]
[Black "matanant"]
[Result "1-0"]
[WhiteElo "2031"]
[BlackElo "1703"]
[Annotator "TA"]
[PlyCount "47"]
[EventDate "2020.05.12"]
[EventType "swiss (blitz)"]

{[%evp 9,46,-25,-29,-33,-34,-56,-45,-58,-60,-60,-68,-64,-61,-66,-60,-63,-41,-47,-52,-208,-34,-47,56,-53,298,301,542,441,1545,1532,1528,1443,29991,29992,29992,29993,29998,29998,29999]} 1. Nf3 Nf6 2. d3 d5 3. g3 c5 4. Bg2 Nc6 5. b3 e5 6. Nbd2 {A06: Réti Opening: 1 Nf3 d5.} Bd6 7. Bb2 O-O 8. e4 {Black is slightly better.} d4 9. O-O Bg4 10. h3 Bd7 {[#]} 11. Nh4 $146 ({Predecessor:} 11. c3 Rc8 12. Rc1 Re8 13. cxd4 cxd4 14. Nc4 Bb8 15. Ba3 Be6 16. Ng5 b5 17. Nxe6 Rxe6 {0-1 (40) Thoma,D (1494)-Faust,B (1775) Mittelfranken 2014}) 11... Qc8 12. Kh2 g6 13. Nc4 Bc7 14. f4 $2 {[#]} (14. a4 $15) 14... Nh5 $2 (14... exf4 $19 {Strongly threatening ...Nh5.} 15. gxf4 b5) 15. f5 $15 Ng7 (15... b5 $15 16. Nd2 Qd8) 16. Qg4 ({White should try} 16. a4 $14) 16... h5 $2 {[%mdl 8192]} (16... b5 $15 17. Nd2 Qd8) 17. Qg5 $18 Bd8 $2 (17... f6 18. Qh6 g5) 18. f6 {Threatens to win with Qh6.} Ne8 {[#]} (18... Be8 $142 19. Qh6 Ne6) 19. Nxg6 $1 {[%mdl 576] White threatens Ne7+! and mate. Double Attack} Bxf6 (19... fxg6 20. Qxg6+) 20. Rxf6 fxg6 21. Rxg6+ {White mates.} Kf7 22. Rf1+ Nf6 23. Rgxf6+ Ke8 24. Rxf8# {Accuracy: White = 74%, Black = 39%.} 1-0

[Event "Stay Safe Play From Home 144"]
[Site "T#645981Emanuel Laske"]
[Date "2020.05.12"]
[Round "9"]
[White "Haris kollari 13"]
[Black "Kongle"]
[Result "1-0"]
[WhiteElo "1949"]
[BlackElo "1829"]
[Annotator "TA"]
[PlyCount "65"]
[EventDate "2020.05.12"]
[EventType "swiss (blitz)"]

{[%evp 9,65,46,65,59,56,60,70,59,96,84,186,212,196,122,122,31,110,0,125,110,116,122,262,266,281,278,303,271,465,220,206,0,2,0,143,131,376,377,752,732,883,873,854,850,981,988,978,966,1049,917,927,924,29996,29997,29997,29998,29999,29998]} 1. e4 c5 2. Nf3 Nc6 3. d4 cxd4 4. Nxd4 Qb6 5. Nb3 d6 6. Nc3 {B32: Sicilian: Löwenthal and Kalashnikov Variations.} g6 7. Be3 Qc7 8. Nd5 {White is slightly better.} Qb8 {[#]} 9. Bd4 $146 ({Predecessor:} 9. Qd2 e6 10. Nc3 Bg7 11. O-O-O Nge7 12. h4 d5 13. exd5 exd5 14. Nxd5 Be6 15. Nxe7 Nxe7 {1-0 (30) Sanchez Martin,F-Reina Carrasco,J Spain 2008}) 9... Nxd4 (9... e5 $16 {was worth a try.}) 10. Qxd4 $18 e5 11. Qd2 (11. Bb5+ $18 Kd8 12. Qd2) 11... Bg7 $16 12. O-O-O (12. Qa5 $16) 12... Be6 (12... Bh6 $1 $14 13. f4 Ne7) 13. Ne3 ({Better is} 13. Bc4 $16) 13... a5 (13... Nf6 $11) 14. Qxd6 Qxd6 15. Rxd6 a4 (15... Bh6 $16) 16. Nc5 $18 {[%mdl 64] [#] Double Attack} Bxa2 17. Bb5+ (17. Nxb7 Nf6 $11) 17... Ke7 18. Rd7+ (18. Nxb7 Nf6 $11) 18... Kf6 $2 (18... Kf8 {was called for.} 19. Rxb7 Nf6) 19. h4 (19. Ng4+ $142 Kg5 20. h4+ Kh5 21. Be2 (21. Nxb7 Be6 $16)) 19... Bf8 20. Ng4+ $2 ({Resist} 20. Nxb7 $6 Kg7 $16) ({White should play} 20. Nxa4 $18 {b3 is the strong threat.} Kg7 21. Rxb7) 20... Kg7 $11 21. Nxa4 $40 {[%mdl 128] Hoping for b3. White attacks.} ({Reject} 21. Nxb7 Be6 $17) 21... h5 (21... Be6 $11 {remains equal.} 22. Nxe5 Bxd7 23. Nxd7 Nf6) 22. Nxe5 $16 {aiming for b3.} Kf6 $2 (22... Nf6 $16 {was necessary.}) 23. f4 $18 Ne7 $2 (23... Be6 24. Rxb7 Kg7) 24. b3 Ra5 25. Rxb7 Bh6 26. g3 Rc8 27. Kb2 Bxb3 28. cxb3 Rd8 {[#]} 29. Rxe7 $1 Rd2+ (29... Kxe7 30. Nc6+) 30. Kc3 Rg2 31. Rxf7+ {White mates.} Ke6 32. Bc4+ Kd6 33. Rd1+ {Accuracy: White = 66%, Black = 36%.} 1-0

[Event "Stay Safe Play From Home 144"]
[Site "T#645981Emanuel Laske"]
[Date "2020.05.12"]
[Round "9"]
[White "Bodar"]
[Black "Don59as"]
[Result "0-1"]
[WhiteElo "1924"]
[BlackElo "2003"]
[Annotator "TA"]
[PlyCount "60"]
[EventDate "2020.05.12"]
[EventType "swiss (blitz)"]

{[%evp 12,60,0,-10,0,0,43,-34,0,-27,-10,-34,-34,-65,-28,-58,-47,-118,-26,-31,0,-43,-42,-56,-41,-147,-96,-91,-79,-79,-85,-83,-75,-225,-141,-143,-25,-29,-22,-125,-114,-116,-117,-179,-158,-192,-63,-26,0,0,0]} 1. e4 e5 2. Nf3 Nc6 3. Bb5 f5 4. exf5 e4 5. Qe2 Qe7 6. Bxc6 dxc6 7. Nd4 Nf6 {C63: Ruy Lopez: Schliemann/Jaenisch Defence.} 8. O-O Qe5 {[%mdl 64] [#] Double Attack} 9. c3 {[#]} (9. Nf3 $1 $14 {[%mdl 512]} Qe7 (9... exf3 10. Qxe5+) 10. Nh4) 9... Bxf5 $146 {Black is slightly better.} ({Predecessor:} 9... Bc5 10. Nb3 Bd6 11. Re1 Qxh2+ {0-1 (11) Vontina,M (772)-Havelka,J (1273) LSS email 2013}) 10. d3 O-O-O 11. Nxf5 Qxf5 12. dxe4 Nxe4 13. Be3 Bd6 14. Na3 (14. a4 $15) 14... Rhe8 (14... Bxa3 $1 $17 15. bxa3 Nxc3) 15. Nc4 $11 Bf4 $40 {[%mdl 128] Black is up to no good.} 16. Qf3 g5 17. g3 Qd5 18. b3 (18. Rfd1 $15 Qxc4 19. Rxd8+ Rxd8 20. gxf4) 18... Bxe3 (18... Nxc3 $142 19. Qh5 (19. Qg4+ Kb8 $17) 19... Bxe3 20. Nxe3 Qe4) 19. Nxe3 $17 Qe5 20. Nc4 Qxc3 21. Qf5+ Kb8 22. Qxh7 (22. Rae1 $17 {keeps fighting.} Qd4 23. Re3) 22... Qf3 23. Qh3 Nd2 ({Black should play} 23... g4 $17 24. Qg2 Qd3) 24. Nxd2 $11 Rxd2 25. Qg2 (25. Rae1 $11 Rf8 26. Qe6) 25... Qf6 $17 26. a4 a6 27. b4 (27. Rac1 $17) 27... Ree2 {[#] Strongly threatening ...Rxf2!} 28. Rab1 Qc3 (28... g4 $19 {White must now prevent ...Qd4.} 29. Rbe1 Rxe1 30. Rxe1 Rb2) 29. b5 $1 $15 axb5 30. axb5 cxb5 {[%mdl 32768] Accuracy: White = 36%, Black = 40%. . Loss on time!?} 0-1

[Event "Stay Safe Play From Home 144"]
[Site "T#645981Emanuel Laske"]
[Date "2020.05.12"]
[Round "9"]
[White "Lucknow"]
[Black "Gibiz144"]
[Result "1-0"]
[WhiteElo "1855"]
[BlackElo "1595"]
[Annotator "NA RC"]
[PlyCount "93"]
[EventDate "2020.05.12"]
[EventType "swiss (blitz)"]

1. d4 {[%emt 0:00:02]} e6 {[%emt 0:00:00]} 2. c4 {[%emt 0:00:01]} b6 {[%emt 0:00:01]} 3. Nf3 {[%emt 0:00:01]} Bb7 {[%emt 0:00:01]} 4. g3 {[%emt 0:00:01]} d6 {[%emt 0:00:01]} 5. Bg2 {[%emt 0:00:01]} Ne7 {[%emt 0:00:01]} 6. O-O {[%emt 0:00:01]} g6 {[%emt 0:00:01]} 7. Nc3 {[%emt 0:00:01]} Bg7 {[%emt 0:00:01]} 8. e4 {[%emt 0:00:01]} Nd7 {[%emt 0:00:01]} 9. Re1 {[%emt 0:00:01]} h6 {[%emt 0:00:01]} 10. Be3 {[%emt 0:00:02]} O-O {[%emt 0:00:01]} 11. Qd2 {[%emt 0:00:01]} Kh7 {[%emt 0:00:01]} 12. Rad1 {[%emt 0:00:03]} a6 {[%emt 0:00:01]} 13. b3 {[%emt 0:00:01]} Nc6 {[%emt 0:00:01]} 14. h4 {[%emt 0:00:06]} e5 {[%emt 0:00:01]} 15. d5 {[%emt 0:00:02]} Ne7 {[%emt 0:00:01]} 16. b4 {[%emt 0:00:01]} f5 {[%emt 0:00:01]} 17. exf5 {[%emt 0:00:07]} Nxf5 {[%emt 0:00:04]} 18. Ne4 {[%emt 0:00:02]} Nxe3 {[%emt 0:00:06]} 19. Qxe3 {[%emt 0:00:02]} Nf6 {[%emt 0:00:04]} 20. Nxf6+ {[%emt 0:00:05]} Qxf6 {[%emt 0:00:01]} 21. Nd2 {[%emt 0:00:02]} Rae8 {[%emt 0:00:03]} 22. Ne4 {[%emt 0:00:01]} Qf5 {[%emt 0:00:04]} 23. Kh2 {[%emt 0:00:03]} Bc8 {[%emt 0:00:01]} 24. Rf1 {[%emt 0:00:08]} g5 {[%emt 0:00:03]} 25. hxg5 {[%emt 0:00:03]} hxg5 {[%emt 0:00:02]} 26. Qxg5 {[%emt 0:00:03]} Bh6 {[%emt 0:00:13]} 27. Qxf5+ {[%emt 0:00:05]} Rxf5 {[%emt 0:00:01]} 28. f3 {[%emt 0:00:10]} Ref8 {[%emt 0:00:06]} 29. Rd3 {[%emt 0:00:04]} Kg6 {[%emt 0:00:09]} 30. Bh3 {[%emt 0:00:07]} Rh5 {[%emt 0:00:01]} 31. g4 {[%emt 0:00:03]} Bf4+ {[%emt 0:00:05]} 32. Kg2 {[%emt 0:00:03]} Rxh3 {[%emt 0:00:06]} 33. Kxh3 {[%emt 0:00:02]} Rh8+ {[%emt 0:00:01]} 34. Kg2 {[%emt 0:00:01]} Rh2+ {[%emt 0:00:01]} 35. Kg1 {[%emt 0:00:01]} Rxa2 {[%emt 0:00:03]} 36. Rf2 {[%emt 0:00:04]} Ra4 {[%emt 0:00:06]} 37. Rb3 {[%emt 0:00:05]} a5 {[%emt 0:00:02]} 38. bxa5 {[%emt 0:00:02]} Rxa5 {[%emt 0:00:01]} 39. Nc3 {[%emt 0:00:05]} Be3 {[%emt 0:00:03]} 40. Nb5 {[%emt 0:00:01]} Bxf2+ {[%emt 0:00:01]} 41. Kxf2 {[%emt 0:00:00]} Ra4 {[%emt 0:00:09]} 42. Rc3 {[%emt 0:00:05]} Ra2+ {[%emt 0:00:03]} 43. Kg3 {[%emt 0:00:02]} Bb7 {[%emt 0:00:11]} 44. Nxc7 {[%emt 0:00:02]} Rd2 {[%emt 0:00:08]} 45. Nb5 {[%emt 0:00:02]} Ba6 {[%emt 0:00:24]} 46. Nxd6 {[%emt 0:00:02]} Kf6 {[%emt 0:00:04]} 47. Ne4+ {[%emt 0:00:02] Gibiz144 gibt auf (Lag: Av=0.43s, max=1.1s)} 1-0